000 00591nam a2200181Ia 4500
003 GCL
008 140319s9999 xx 000 0 ara d
040 _aGCL /
_cGCL
082 0 4 _a616.951
_bم ب
100 1 _aمحمود سامى ابو ريه
245 1 0 _aالبروستاتا واسرار الرجوله /
_cمحمود سامى ابو ريه
300 _a84 ص
490 _aالهيئة العامة للاستعلامات
_v0
650 0 4 _aالامراض التناسلية
650 0 4 _aالصحة الجنسية
650 0 4 _aالبروستاتا, امراض
942 _2ddc
_cBK
999 _c47129
_d47129